Wildlife biology: An Indian perspective (Record no. 25564)
[ view plain ]
| 000 -LEADER | |
|---|---|
| fixed length control field | 00456nam a2200169Ia 4500 |
| 008 - FIXED-LENGTH DATA ELEMENTS--GENERAL INFORMATION | |
| fixed length control field | 230917s9999||||xx |||||||||||||| ||und|| |
| 020 ## - ISBN | |
| Price | RS495 |
| 040 ## - CATALOGING SOURCE | |
| -- | 245144 |
| Original cataloging agency | VIVEKANANDA LIBRARY |
| 041 ## - Language | |
| -- | English |
| 082 ## - DDC NUMBER | |
| Classification number | 590 S85W |
| 100 ## - MAIN ENTRY--PERSONAL NAME | |
| Personal name | Saha, Goutam Kumar |
| 245 #0 - TITLE STATEMENT | |
| Title | Wildlife biology: An Indian perspective |
| 260 ## - PUBLICATION, DISTRIBUTION, ETC. (IMPRINT) | |
| Place of publication, distribution, etc | Delhi |
| Name of publisher, distributor, etc | PHI Learning |
| Date of publication, distribution, etc | 2017 |
| 300 ## - PHYSICAL DESCRIPTION | |
| Pages | xiii, 313 p. |
| 500 ## - GENERAL NOTE | |
| General note | 3013 23/01/2018 RBP18/68858 05/02/2018 Main Budget |
| 942 ## - ADDED ENTRY ELEMENTS (KOHA) | |
| Koha item type | Books |
| Withdrawn status | Lost status | Damaged status | Not for loan | Location (home branch) | Sublocation or collection (holding branch) | Date acquired | Koha issues (times borrowed) | Koha full call number | Accession No. | Koha date last seen | Koha item type |
|---|---|---|---|---|---|---|---|---|---|---|---|
| VIVEKANANDA LIBRARY | VIVEKANANDA LIBRARY | 14/03/2018 | 5 | 590 S85W | 371394 | 03/10/2025 | Books | ||||
| VIVEKANANDA LIBRARY | VIVEKANANDA LIBRARY | 14/03/2018 | 6 | 590 S85W | 371395 | 05/12/2024 | Books | ||||
| VIVEKANANDA LIBRARY | VIVEKANANDA LIBRARY | 14/03/2018 | 2 | 590 S85W | 371396 | 05/12/2024 | Books | ||||
| VIVEKANANDA LIBRARY | VIVEKANANDA LIBRARY | 14/03/2018 | 4 | 590 S85W | 371397 | 04/12/2024 | Books | ||||
| VIVEKANANDA LIBRARY | VIVEKANANDA LIBRARY | 14/03/2018 | 7 | 590 S85W | 371427 | 30/11/2024 | Books |
